Carta ideológica de la Confederación Costarricense de Trabajadores Democráticos
Guardado en:
| Format: | Texto |
|---|---|
| Tags: |
Tilføj Tag
Ingen Tags, Vær først til at tagge denne postø!
|
MARC
| LEADER | 00000 a a2200000 04500 | ||
|---|---|---|---|
| 001 | 10944 | ||
| 003 | |||
| 040 | |||
| 245 | |a Carta ideológica de la Confederación Costarricense de Trabajadores Democráticos | ||
| 773 | |g número 26; páginas 164-167 | ||
| 999 | |c 35216 |d 35216 | ||
